000 00489nam a2200157Ia 4500
008 240729s9999 xx 000 0 und d
022 _a2703-7045
245 0 _aNordic Journal of Studies in Policing
260 _aNorway
260 _bScandinavian University Press (Universitetsforlaget)
650 _a Law in general. Comparative and uniform law. Jurisprudence
650 _aLaw
856 _uhttps://doaj.org/toc/0fd29473114b4809a3a94b5d0977872e
942 _2ddc
942 _cDOAJEJ
999 _c73000
_d73000
945 _a1
_bMadushi Gamage
_c1
_dMadushi Gamage